| 000 | 01262nam0a2200325 4500 | ||
|---|---|---|---|
| 001 | RU\NLR\bibl\1478867 | ||
| 005 | 20250616004729.0 | ||
| 010 |
_a978-5-85247-316-5 _91000 |
||
| 021 |
_aRU _b2009-107199 _96840 |
||
| 035 | _a(nilc)RSL-KNO-004564551 | ||
| 035 | _a(NLR Aleph) 001470529 | ||
| 090 |
_a1640738 _c1640738 |
||
| 100 | _a20100111d2010 |||y0rusy50 ca | ||
| 101 | 0 | _arus | |
| 102 | _aRU | ||
| 105 | _ay zzzz||||| | ||
| 200 | 1 |
_aСхемы историй болезни стоматологических больных _eметодические рекомендации _f[сост.: С. С. Ксембаев и др.] |
|
| 210 |
_aКазань _cМедицинская литература _d2010 [т.е. 2009] |
||
| 215 |
_a95 с. _d21 |
||
| 300 | _aКн. фактически изд. в 2009 г. | ||
| 606 | 1 |
_aИстория болезни _jСхемы _xОформление в стоматологии _92474155 _3RU\NLR\auth\661469199 |
|
| 686 |
_aР66-42я81 _2rubbk |
||
| 686 | _aР66-42я67 | ||
| 702 | 1 |
_aКсембаев _bС. С. _gСаид Сальменович _4220 |
|
| 801 | 0 |
_aRU _bRuMoRGB _c20100111 _grcr |
|
| 801 | 1 |
_aRU _bRuMoRGB _c20100111 |
|
| 801 | 2 |
_aRU _bNLR _c20100301 _grcr |
|
| 942 | _cBOOK | ||
| 980 | _aNB | ||